Controlling - nástroj riadenia podniku

Vysvetlenie pojmu controlling. Vývojové stupne controllingu. Ciele controllingu. Časové dimenzie controllingu a jeho organizácia. Umiestnenie controllingu v organizačnej štruktúre. Vnútorná štruktúra controllingového oddelenia. Základné úlohy controllera.

Saved in:
Bibliographic Details
Main Author: Olexová, Jana
Format: Book Chapter
Language:Slovak
Subjects:
Tags: Add Tag
No Tags, Be the first to tag this record!

MARC

LEADER 00000naa a2200000 4500
001 r043319
005 20231002115557.1
041 0 |a slo 
044 |a SK 
245 1 0 |a Controlling - nástroj riadenia podniku  |c Jana Olexová 
520 |a Vysvetlenie pojmu controlling. Vývojové stupne controllingu. Ciele controllingu. Časové dimenzie controllingu a jeho organizácia. Umiestnenie controllingu v organizačnej štruktúre. Vnútorná štruktúra controllingového oddelenia. Základné úlohy controllera. 
610 2 0 |a riadenie podnikové 
610 2 0 |a kontroling 
610 2 0 |a systémy riadenia 
610 2 0 |a podnik 
610 2 0 |a štruktúra podniku organizačná 
610 2 0 |a organizácia riadenia 
100 1 |a Olexová, Jana